[Event "32. Torneo Internacional La Roda "]
[Site "La Roda ESP"]
[Date "2005.03.24"]
[Round "2"]
[White "Svetushkin, Dmitry"]
[Black "Valmana Canto, Jaime"]
[Result "1-0"]
[WhiteElo "2530"]
[BlackElo "2189"]
[PlyCount "115"]
[EventDate "2005.03.23"]
[EventType "swiss"]
[EventRounds "9"]
[EventCountry "ESP"]
[Source "lmi"]
[SourceDate "2005.03.27"]

1. d4 Nf6 2. c4 g6 3. f3 Bg7 4. e4 d6 5. Nc3 O-O 6. Nge2 c5 7. d5 e6 8. Ng3
exd5 9. cxd5 a6 10. a4 h5 11. Bg5 Qa5 12. Qd2 Re8 13. Be2 Nbd7 14. O-O Qb4 15.
Be3 h4 16. Nh1 Nh5 17. Nf2 Bd4 18. Rfd1 Bxe3 19. Qxe3 Qa5 20. Rab1 Qd8 21. f4
Ng7 22. b4 b6 23. Qd2 Nf6 24. Bf3 Bd7 25. Re1 Rc8 26. Nd3 Nfh5 27. b5 Ra8 28.
Ra1 axb5 29. axb5 Qc7 30. Nb2 c4 31. Kh1 Rxa1 32. Rxa1 f5 33. e5 dxe5 34. d6
Qc5 35. fxe5 Rxe5 36. Nba4 Qe3 37. Qxe3 Rxe3 38. Nxb6 Rxc3 39. Nxd7 Ne8 40. b6
Nxd6 41. Nc5 Nf6 42. Kg1 h3 43. Rd1 Nfe8 44. Bc6 Rc2 45. Bxe8 Rxg2+ 46. Kf1
Nxe8 47. b7 Rb2 48. Rd8 Kf7 49. b8=Q Rxb8 50. Rxb8 g5 51. Rb7+ Kg6 52. Rb4 g4
53. Rxc4 Nf6 54. Rd4 Nh5 55. Rd6+ Kg5 56. Ne6+ Kh4 57. Nd4 f4 58. Rg6 1-0

[Event "32. Torneo Internacional La Roda "]
[Site "La Roda ESP"]
[Date "2005.03.24"]
[Round "2"]
[White "Ubilava, Elizbar"]
[Black "Angullo Gil, Jose"]
[Result "1-0"]
[WhiteElo "2513"]
[BlackElo "2146"]
[PlyCount "69"]
[EventDate "2005.03.23"]
[EventType "swiss"]
[EventRounds "9"]
[EventCountry "ESP"]
[Source "lmi"]
[SourceDate "2005.03.27"]

1. Nf3 c5 2. c4 g6 3. d4 cxd4 4. Nxd4 Bg7 5. e4 Nc6 6. Be3 Nf6 7. Nc3 d6 8. f3
O-O 9. Qd2 Nxd4 10. Bxd4 Bd7 11. Be2 a5 12. O-O Bc6 13. Rab1 Nd7 14. Be3 Nc5
15. b3 Qb6 16. Nb5 Rfc8 17. Rfc1 Qd8 18. Bf1 h5 19. Nc3 Qf8 20. Re1 Kh7 21.
Rbc1 Bh6 22. Bxh6 Qxh6 23. f4 Rd8 24. Qf2 b6 25. Re3 Kg8 26. Rce1 Rab8 27. Qh4
e5 28. fxe5 dxe5 29. Qf6 Rbc8 30. Qxe5 Qg7 31. Qxg7+ Kxg7 32. Nd5 Rb8 33. Be2
Re8 34. e5 b5 35. Nc7 1-0

[Event "32. Torneo Internacional La Roda "]
[Site "La Roda ESP"]
[Date "2005.03.24"]
[Round "3"]
[White "Baron Rodriguez, Jesus"]
[Black "Svetushkin, Dmitry"]
[Result "1-0"]
[WhiteElo "2422"]
[BlackElo "2530"]
[PlyCount "107"]
[EventDate "2005.03.23"]
[EventType "swiss"]
[EventRounds "9"]
[EventCountry "ESP"]
[Source "lmi"]
[SourceDate "2005.03.27"]

1. e4 c6 2. d4 d5 3. exd5 cxd5 4. c4 Nf6 5. Nc3 e6 6. Nf3 Bb4 7. cxd5 Nxd5 8.
Bd2 Nc6 9. Bd3 O-O 10. O-O Be7 11. Qe2 Nf6 12. Ne4 Qb6 13. a3 Bd7 14. Rfd1 Rad8
15. b4 a6 16. Rac1 Bc8 17. Nxf6+ Bxf6 18. Be3 Qc7 19. Be4 Bd7 20. Ng5 g6 21.
Qf3 Bg7 22. d5 exd5 23. Bxd5 Bc8 24. Bc5 Be5 25. Bxf8 Rxf8 26. g3 h6 27. Ne4
Kg7 28. Nc5 Qe7 29. Re1 Qd6 30. Rcd1 Qc7 31. Nxa6 bxa6 32. Bxc6 h5 33. Rc1 Bb2
34. Rc2 Bd4 35. a4 Qd6 36. b5 Bf5 37. Rcc1 axb5 38. axb5 Rd8 39. Qf4 Qb4 40.
Kg2 Rd6 41. Rcd1 Bc2 42. Rxd4 Rxd4 43. Qe5+ Kh7 44. Qe7 Qc4 45. Qf6 Be4+ 46.
Rxe4 Rxe4 47. Bxe4 Qxe4+ 48. Qf3 Qc4 49. b6 Kg7 50. b7 Qb4 51. Qd5 f6 52. h4
Kh6 53. Qc6 f5 54. Qc1+ 1-0

[Event "32. Torneo Internacional La Roda "]
[Site "La Roda ESP"]
[Date "2005.03.24"]
[Round "3"]
[White "Cano Sanchez, Josue"]
[Black "Javakhishvili, Lela"]
[Result "1/2-1/2"]
[WhiteElo "2242"]
[BlackElo "2456"]
[PlyCount "54"]
[EventDate "2005.03.23"]
[EventType "swiss"]
[EventRounds "9"]
[EventCountry "ESP"]
[Source "lmi"]
[SourceDate "2005.03.27"]

1. d4 Nf6 2. Nf3 e6 3. Bg5 c5 4. c3 d5 5. e3 Be7 6. Nbd2 Nbd7 7. Bd3 b6 8. O-O
Bb7 9. Qb1 Qc7 10. Re1 a6 11. Bf4 Bd6 12. Bxd6 Qxd6 13. e4 dxe4 14. Nxe4 Qe7
15. dxc5 Nxc5 16. Nxc5 Qxc5 17. Ne5 Rd8 18. Qc2 Rd5 19. Qe2 O-O 20. Bc2 g6 21.
Bb3 Rd6 22. Qc4 Rc8 23. Qf4 Kg7 24. Rad1 Rcd8 25. Rxd6 Qxd6 26. h3 Qe7 27. Rd1
Rxd1+ 1/2-1/2

[Event "32. Torneo Internacional La Roda "]
[Site "La Roda ESP"]
[Date "2005.03.24"]
[Round "3"]
[White "Fernandez Gil, Marco Antonio"]
[Black "De La Villa Garcia, Jesus Maria"]
[Result "1/2-1/2"]
[WhiteElo "2264"]
[BlackElo "2470"]
[PlyCount "112"]
[EventDate "2005.03.23"]
[EventType "swiss"]
[EventRounds "9"]
[EventCountry "ESP"]
[Source "lmi"]
[SourceDate "2005.03.27"]

1. e4 e6 2. d4 d5 3. exd5 exd5 4. Nf3 Nc6 5. Bb5 Nge7 6. O-O a6 7. Be2 g6 8. h3
Bg7 9. Bf4 h6 10. c3 Be6 11. Re1 O-O 12. Nbd2 Qd7 13. Bf1 g5 14. Ne5 Nxe5 15.
Bxe5 f6 16. Bh2 Nc6 17. Bd3 Bf7 18. Qg4 Qd8 19. Qg3 Re8 20. Qxc7 Qxc7 21. Bxc7
Bf8 22. Kf1 Rac8 23. Rxe8 Bxe8 24. Bg3 Bd7 25. f3 Kf7 26. Nb3 f5 27. Nc5 Bxc5
28. dxc5 f4 29. Bf2 Na5 30. Be2 Bb5 31. Bd4 Bxe2+ 32. Kxe2 Nc4 33. b3 Re8+ 34.
Kd3 Na5 35. Kd2 Nc6 36. Re1 Rxe1 37. Kxe1 Ne7 38. b4 Nf5 39. a4 Ke6 40. Bf2 Ne7
41. Ke2 Ng6 42. b5 axb5 43. axb5 Ne7 44. h4 Nf5 45. hxg5 hxg5 46. Bd4 Nh6 47.
Bf2 Nf7 48. g3 Ne5 49. gxf4 gxf4 50. Bd4 Nd7 51. c6 bxc6 52. bxc6 Nf8 53. c7
Kd7 54. Bf6 Ng6 55. Bd8 Ne5 56. Bf6 Ng6 1/2-1/2

[Event "32. Torneo Internacional La Roda "]
[Site "La Roda ESP"]
[Date "2005.03.24"]
[Round "3"]
[White "Kononenko, Tatiana"]
[Black "Ubilava, Elizbar"]
[Result "1/2-1/2"]
[WhiteElo "2374"]
[BlackElo "2513"]
[PlyCount "65"]
[EventDate "2005.03.23"]
[EventType "swiss"]
[EventRounds "9"]
[EventCountry "ESP"]
[Source "lmi"]
[SourceDate "2005.03.27"]

1. d4 d6 2. c4 e5 3. d5 f5 4. e4 Nf6 5. exf5 Bxf5 6. Nc3 Na6 7. a3 Be7 8. Nge2
O-O 9. Ng3 Bg6 10. Bd3 Bxd3 11. Qxd3 Nc5 12. Qc2 a5 13. Be3 Nfd7 14. Bxc5 Nxc5
15. Nge4 Nxe4 16. Nxe4 a4 17. O-O b6 18. Rad1 Rf4 19. Rfe1 Qd7 20. f3 Qf5 21.
Re2 Qg6 22. Ng3 Qf7 23. Re4 Bg5 24. Ne2 Rxe4 25. Qxe4 g6 26. Nc3 Qd7 27. Qe2
Rf8 28. Ne4 Bh6 29. g3 Qh3 30. Nf2 Qd7 31. Ne4 Qh3 32. Nf2 Qd7 33. Ne4 1/2-1/2

[Event "32. Torneo Internacional La Roda "]
[Site "La Roda ESP"]
[Date "2005.03.24"]
[Round "3"]
[White "Korneev, Oleg"]
[Black "Minzer, Claudio Javier"]
[Result "1-0"]
[WhiteElo "2602"]
[BlackElo "2423"]
[PlyCount "87"]
[EventDate "2005.03.23"]
[EventType "swiss"]
[EventRounds "9"]
[EventCountry "ESP"]
[Source "lmi"]
[SourceDate "2005.03.27"]

1. e4 e5 2. Nf3 Nf6 3. d4 Nxe4 4. Bd3 d5 5. Nxe5 Nd7 6. Nc3 Nxe5 7. dxe5 Bb4 8.
O-O Bxc3 9. bxc3 O-O 10. c4 Be6 11. Qh5 f5 12. exf6 Nxf6 13. Qe5 Qd6 14. Qxd6
cxd6 15. cxd5 Nxd5 16. Re1 Bf7 17. Ba3 Rfd8 18. Rab1 Nb6 19. Re7 Bxa2 20. Rbe1
Bd5 21. Bb2 Rd7 22. Bxg7 Bf7 23. Bd4 Bg6 24. Bxg6 hxg6 25. Bxb6 Rxe7 26. Rxe7
axb6 27. g3 Rc8 28. Re6 Kg7 29. Rxd6 Rxc2 30. Rxb6 Rc7 31. h4 Kh6 32. Kg2 Rf7
33. f4 Kh7 34. Kh3 Rc7 35. Kg4 Rc5 36. Rxb7+ Kh6 37. Re7 Ra5 38. Re5 Ra1 39. h5
gxh5+ 40. Rxh5+ Kg6 41. f5+ Kf6 42. Rh6+ Kg7 43. Rb6 Ra3 44. Kf4 1-0

[Event "32. Torneo Internacional La Roda "]
[Site "La Roda ESP"]
[Date "2005.03.24"]
[Round "3"]
[White "Movsziszian, Karen"]
[Black "Sanchez Botella, Luis Javier"]
[Result "1-0"]
[WhiteElo "2455"]
[BlackElo "2105"]
[PlyCount "101"]
[EventDate "2005.03.23"]
[EventType "swiss"]
[EventRounds "9"]
[EventCountry "ESP"]
[Source "lmi"]
[SourceDate "2005.03.27"]

1. d4 Nf6 2. Nf3 e6 3. c4 b6 4. g3 Ba6 5. b3 Bb4+ 6. Bd2 Be7 7. Nc3 Bb7 8. Bg2
O-O 9. O-O d5 10. cxd5 exd5 11. Qc2 Nbd7 12. Rfd1 Re8 13. Bf4 c6 14. Ne5 Nf8
15. Rab1 a5 16. Na4 Rc8 17. Bh3 Ne6 18. Qd3 Ne4 19. f3 Nd6 20. Be3 Bf6 21. f4
Ne4 22. b4 b5 23. Nc5 N6xc5 24. bxc5 Rc7 25. Bf5 Bc8 26. Bxe4 dxe4 27. Qxe4 Be6
28. Qc2 Bxe5 29. dxe5 Rd7 30. Rd6 Rxd6 31. cxd6 Qd7 32. Bd4 Rc8 33. Bc5 a4 34.
e4 Re8 35. a3 Bc4 36. Re1 Qe6 37. Qc3 g6 38. Qd4 Bb3 39. Bb6 Qd7 40. f5 Bc2 41.
g4 Bb3 42. Kf2 Rb8 43. h4 h6 44. Bc5 Kh7 45. Rc1 Bc4 46. Bb4 Re8 47. Bd2 Qd8
48. Kg3 Qd7 49. Qe3 Rxe5 50. Qxh6+ Kg8 51. f6 1-0

[Event "32. Torneo Internacional La Roda "]
[Site "La Roda ESP"]
[Date "2005.03.24"]
[Round "3"]
[White "Saldano, Horacio"]
[Black "Gil Hector, Luis"]
[Result "1/2-1/2"]
[WhiteElo "2482"]
[BlackElo "2295"]
[PlyCount "56"]
[EventDate "2005.03.23"]
[EventType "swiss"]
[EventRounds "9"]
[EventCountry "ESP"]
[Source "lmi"]
[SourceDate "2005.03.27"]

1. e4 e5 2. Nf3 Nf6 3. Nxe5 d6 4. Nf3 Nxe4 5. Nc3 Nxc3 6. dxc3 Be7 7. Bf4 Nd7
8. Qd2 O-O 9. O-O-O Nc5 10. Nd4 Bf6 11. f3 Re8 12. Kb1 c6 13. g4 Ne6 14. Be3 d5
15. h4 Nxd4 16. cxd4 Be7 17. Bd3 Bf8 18. h5 Be6 19. g5 Qd7 20. g6 Bf5 21. gxh7+
Kh8 22. Rdg1 Qe6 23. Bf4 Bxd3 24. Qxd3 Qe2 25. Qf5 Qe6 26. Qd3 Qe2 27. Qf5 Qe6
28. Qg5 Qf6 1/2-1/2

[Event "32. Torneo Internacional La Roda "]
[Site "La Roda ESP"]
[Date "2005.03.24"]
[Round "3"]
[White "San Emeterio Cabanes, Jose Luis"]
[Black "Arance Gonzalez, Luis"]
[Result "1-0"]
[WhiteElo "2401"]
[BlackElo "2082"]
[PlyCount "55"]
[EventDate "2005.03.23"]
[EventType "swiss"]
[EventRounds "9"]
[EventCountry "ESP"]
[Source "lmi"]
[SourceDate "2005.03.27"]

1. b3 e5 2. Bb2 Nc6 3. e3 f5 4. d4 exd4 5. exd4 Nf6 6. Nf3 d6 7. d5 Qe7+ 8. Be2
Ne5 9. O-O g6 10. Re1 Bg7 11. Nxe5 dxe5 12. Bxe5 O-O 13. d6 Qd7 14. Bc4+ Kh8
15. dxc7 Qxd1 16. Rxd1 Ne8 17. Re1 Bxe5 18. Rxe5 Nxc7 19. Nc3 f4 20. Re7 Ne8
21. Ne4 h6 22. Rd1 Bf5 23. f3 Rb8 24. g4 fxg3 25. hxg3 Nf6 26. Nxf6 Rxf6 27. g4
Bxc2 28. Rd2 1-0

[Event "32. Torneo Internacional La Roda "]
[Site "La Roda ESP"]
[Date "2005.03.24"]
[Round "3"]
[White "Spasov, Vasil"]
[Black "Belezky, Sasha"]
[Result "1/2-1/2"]
[WhiteElo "2543"]
[BlackElo "2399"]
[PlyCount "31"]
[EventDate "2005.03.23"]
[EventType "swiss"]
[EventRounds "9"]
[EventCountry "ESP"]
[Source "lmi"]
[SourceDate "2005.03.27"]

1. e4 c5 2. Nf3 d6 3. d4 cxd4 4. Nxd4 Nf6 5. Nc3 g6 6. Be3 Bg7 7. f3 Nc6 8. Qd2
O-O 9. O-O-O Nxd4 10. Bxd4 Be6 11. Kb1 Qc7 12. g4 Rfc8 13. h4 Qa5 14. Qg5 b5
15. Qxb5 Qc7 16. Qa4 1/2-1/2

[Event "32. Torneo Internacional La Roda "]
[Site "La Roda ESP"]
[Date "2005.03.24"]
[Round "3"]
[White "Spassov, Liuben"]
[Black "Mirzoev, Azer"]
[Result "1/2-1/2"]
[WhiteElo "2382"]
[BlackElo "2529"]
[PlyCount "102"]
[EventDate "2005.03.23"]
[EventType "swiss"]
[EventRounds "9"]
[EventCountry "ESP"]
[Source "lmi"]
[SourceDate "2005.03.27"]

1. d4 d5 2. c4 dxc4 3. Nf3 Nf6 4. e3 e6 5. Bxc4 a6 6. Qe2 c5 7. dxc5 Bxc5 8.
O-O Nbd7 9. Nbd2 O-O 10. Nb3 Be7 11. Rd1 b5 12. Bd3 Bb7 13. Bd2 Bxf3 14. gxf3
Ne5 15. Ba5 Qb8 16. Rac1 Rc8 17. Nd4 Qb7 18. Kg2 Ng6 19. a3 Bf8 20. Qd2 Qd5 21.
Bxg6 Qg5+ 22. Kh1 hxg6 23. Rxc8 Rxc8 24. Rc1 Re8 25. Qc2 Qh5 26. Qc6 e5 27. Ne2
e4 28. Ng1 Kh7 29. Bc7 exf3 30. Bg3 Re4 31. Qa8 Re8 32. Qxf3 Re6 33. Rc8 Be7
34. Qa8 Qd5+ 35. Nf3 Qxa8 36. Rxa8 Ne4 37. Nd4 Rf6 38. Kg2 Bc5 39. Nf3 g5 40.
Re8 Re6 41. Rxe6 fxe6 42. Ne5 Bd6 43. Nc6 Kg6 44. Be5 Bxe5 45. Nxe5+ Kf5 46.
Nd3 g4 47. h3 gxh3+ 48. Kxh3 Nd2 49. Kg3 g5 50. f3 Nc4 51. e4+ Kf6 1/2-1/2

[Event "32. Torneo Internacional La Roda "]
[Site "La Roda ESP"]
[Date "2005.03.24"]
[Round "3"]
[White "Strikovic, Aleksa"]
[Black "Antoli Royo, Joaquin Miguel"]
[Result "0-1"]
[WhiteElo "2458"]
[BlackElo "2238"]
[PlyCount "66"]
[EventDate "2005.03.23"]
[EventType "swiss"]
[EventRounds "9"]
[EventCountry "ESP"]
[Source "lmi"]
[SourceDate "2005.03.27"]

1. c4 e5 2. Nc3 d6 3. Nf3 f5 4. d4 e4 5. Ng5 Be7 6. Nh3 Nf6 7. g3 O-O 8. Bg2
Kh8 9. O-O Be6 10. d5 Bg8 11. f3 exf3 12. exf3 c6 13. Re1 Nbd7 14. Nf4 Ne5 15.
b3 Rc8 16. dxc6 bxc6 17. c5 Nd5 18. Ncxd5 cxd5 19. cxd6 Qxd6 20. Bb2 Bf6 21.
Qd2 Nc4 22. bxc4 Qb6+ 23. Kh1 Qxb2 24. Qd3 dxc4 25. Qxf5 Qxa1 26. Rxa1 Bxa1 27.
Qb1 c3 28. Qxa1 c2 29. Ne2 Rfe8 30. Nc1 Re1+ 31. Bf1 Rb8 32. Kg2 Rb1 33. Qc3
Rexc1 0-1

[Event "32. Torneo Internacional La Roda "]
[Site "La Roda ESP"]
[Date "2005.03.24"]
[Round "3"]
[White "Suba, Mihai"]
[Black "Andres Julia, Vicente Ramon"]
[Result "1-0"]
[WhiteElo "2529"]
[BlackElo "2073"]
[PlyCount "101"]
[EventDate "2005.03.23"]
[EventType "swiss"]
[EventRounds "9"]
[EventCountry "ESP"]
[Source "lmi"]
[SourceDate "2005.03.27"]

1. c4 c5 2. Nf3 Nc6 3. Nc3 g6 4. e3 Bg7 5. d4 cxd4 6. exd4 d6 7. h3 Nf6 8. d5
Nb8 9. Be2 O-O 10. O-O e5 11. dxe6 Bxe6 12. Qb3 Qb6 13. Rd1 Qxb3 14. axb3 Rd8
15. Bf4 Ne8 16. Nd4 Nc6 17. Be3 Nxd4 18. Bxd4 Bxd4 19. Rxd4 Rd7 20. Bf3 Nc7 21.
Bxb7 Rb8 22. Bc6 Re7 23. Ra3 Rb6 24. Bf3 Rd7 25. Bd1 Na6 26. Ne4 Kg7 27. Ra5 h6
28. g4 Nb8 29. Rd2 f5 30. Nc3 fxg4 31. hxg4 Nc6 32. Ra3 Ne5 33. f3 g5 34. Ne4
Bxc4 35. bxc4 Nxc4 36. Rad3 Nxd2 37. Rxd2 d5 38. b3 d4 39. Ra2 Rc6 40. Kf2 Rc1
41. Ke2 Rb1 42. Kd2 Rc7 43. Nd6 Rcc1 44. Rxa7+ Kf6 45. Ne4+ Ke5 46. Ra5+ Ke6
47. Be2 Rh1 48. Bc4+ Ke7 49. Ra7+ Kf8 50. Nf6 Rhe1 51. Rf7# 1-0

[Event "32. Torneo Internacional La Roda "]
[Site "La Roda ESP"]
[Date "2005.03.25"]
[Round "4"]
[White "Belezky, Sasha"]
[Black "Suba, Mihai"]
[Result "0-1"]
[WhiteElo "2399"]
[BlackElo "2529"]
[PlyCount "77"]
[EventDate "2005.03.23"]
[EventType "swiss"]
[EventRounds "9"]
[EventCountry "ESP"]
[Source "lmi"]
[SourceDate "2005.03.27"]

1. d4 Nf6 2. Nf3 e6 3. Bg5 h6 4. Bxf6 Qxf6 5. e4 d6 6. c3 Nd7 7. Bd3 e5 8. O-O
Be7 9. Nbd2 O-O 10. Nc4 Re8 11. a4 a5 12. Ne3 Bf8 13. Qc2 g6 14. Rad1 Nb6 15.
Rfe1 h5 16. Bb5 c6 17. Bf1 Be6 18. dxe5 dxe5 19. Nd2 Bc5 20. Ndc4 Bxc4 21. Nxc4
Nxa4 22. Rd7 b5 23. Red1 bxc4 24. Bxc4 Nb6 25. Rxf7 Qxf7 26. Bxf7+ Kxf7 27. b4
axb4 28. cxb4 Bd4 29. Qxc6 Rac8 30. Qb5 Rc2 31. h4 Ke6 32. Kh2 Rxf2 33. Rc1 Rf4
34. g3 Rf2+ 35. Kh3 Kf7 36. Rc7+ Re7 37. Rxe7+ Kxe7 38. g4 hxg4+ 39. Kxg4 0-1

[Event "32. Torneo Internacional La Roda "]
[Site "La Roda ESP"]
[Date "2005.03.25"]
[Round "4"]
[White "De La Villa Garcia, Jesus Maria"]
[Black "Larino Nieto, David"]
[Result "1-0"]
[WhiteElo "2470"]
[BlackElo "2315"]
[PlyCount "75"]
[EventDate "2005.03.23"]
[EventType "swiss"]
[EventRounds "9"]
[EventCountry "ESP"]
[Source "lmi"]
[SourceDate "2005.03.27"]

1. e4 e6 2. d4 d5 3. Nc3 Nf6 4. Bg5 Be7 5. e5 Nfd7 6. Bxe7 Qxe7 7. Qg4 O-O 8.
Bd3 c5 9. Nf3 f6 10. exf6 Nxf6 11. Qh4 Nc6 12. dxc5 h6 13. O-O-O Qxc5 14. Rhe1
Bd7 15. Kb1 Rae8 16. Ne5 Nxe5 17. Rxe5 Re7 18. Rde1 b5 19. f3 Kf7 20. Ne4 Nxe4
21. Bxe4 Ree8 22. Bh7 Rh8 23. Qh5+ Kf8 24. Bd3 Rc8 25. f4 Be8 26. Qf3 g6 27.
Rxe6 Bf7 28. f5 g5 29. R6e5 Rc6 30. Qe2 Kg7 31. Re6 Rhc8 32. Rxc6 Rxc6 33. Bxb5
Rf6 34. g4 Qd4 35. Be8 Rb6 36. b3 Bg8 37. Qe7+ Kh8 38. Bf7 1-0

[Event "32. Torneo Internacional La Roda "]
[Site "La Roda ESP"]
[Date "2005.03.25"]
[Round "4"]
[White "Delchev, Aleksander"]
[Black "Baron Rodriguez, Jesus"]
[Result "1-0"]
[WhiteElo "2597"]
[BlackElo "2422"]
[PlyCount "67"]
[EventDate "2005.03.23"]
[EventType "swiss"]
[EventRounds "9"]
[EventCountry "ESP"]
[Source "lmi"]
[SourceDate "2005.03.27"]

1. e4 e5 2. Bc4 Nf6 3. d3 Nc6 4. Nf3 Be7 5. O-O O-O 6. Re1 d6 7. a4 Kh8 8. a5
a6 9. c3 Ng8 10. d4 exd4 11. Nxd4 Nxd4 12. cxd4 f5 13. e5 d5 14. Bd3 Be6 15.
Bd2 f4 16. Qc2 g6 17. Nc3 Rf7 18. Na4 Nh6 19. Rac1 Bf8 20. f3 Qh4 21. Qb3 c6
22. Bb4 Ng4 23. fxg4 f3 24. Rf1 Qxg4 25. Rf2 Qxd4 26. Bxf8 Raxf8 27. g3 Qxe5
28. Qc3 d4 29. Re1 Qf6 30. Qc5 Bd5 31. Nb6 Rd8 32. Qb4 h5 33. Nxd5 cxd5 34. Be2
1-0

[Event "32. Torneo Internacional La Roda "]
[Site "La Roda ESP"]
[Date "2005.03.25"]
[Round "4"]
[White "Encinas Encinas, Alvaro"]
[Black "Strikovic, Aleksa"]
[Result "0-1"]
[WhiteElo "2134"]
[BlackElo "2458"]
[PlyCount "62"]
[EventDate "2005.03.23"]
[EventType "swiss"]
[EventRounds "9"]
[EventCountry "ESP"]
[Source "lmi"]
[SourceDate "2005.03.27"]

1. e4 c5 2. Nf3 e6 3. d4 cxd4 4. Nxd4 a6 5. c4 Nf6 6. Nc3 Bb4 7. Bd3 Qc7 8. Be3
Bxc3+ 9. bxc3 d6 10. O-O Nbd7 11. f3 O-O 12. Be2 d5 13. cxd5 exd5 14. Nf5 Ne5
15. Bd4 dxe4 16. fxe4 Nxe4 17. Qe1 Bxf5 18. Rxf5 Rfe8 19. Bh5 Ng6 20. Qf1 Nd6
21. Rf2 Nb5 22. Rd1 Rad8 23. Rd3 Nxd4 24. cxd4 Re4 25. Rdf3 f6 26. Qb1 Rexd4
27. Qb3+ Qf7 28. Qc2 R4d5 29. Rf5 Rxf5 30. Qxf5 Qe7 31. Re2 Ne5 0-1

[Event "32. Torneo Internacional La Roda "]
[Site "La Roda ESP"]
[Date "2005.03.25"]
[Round "4"]
[White "Garcia Fernandez, Carlos"]
[Black "Saldano, Horacio"]
[Result "1/2-1/2"]
[WhiteElo "2356"]
[BlackElo "2482"]
[PlyCount "31"]
[EventDate "2005.03.23"]
[EventType "swiss"]
[EventRounds "9"]
[EventCountry "ESP"]
[Source "lmi"]
[SourceDate "2005.03.27"]

1. e4 e5 2. Nf3 Nf6 3. d3 Nc6 4. c3 Be7 5. Be2 O-O 6. O-O d5 7. Qc2 a5 8. a4
Bg4 9. h3 Bh5 10. Nbd2 Re8 11. Re1 Bf8 12. Nf1 Bg6 13. Ng3 Nh5 14. Nxh5 Bxh5
15. Nh2 Bg6 16. Bf3 1/2-1/2

[Event "32. Torneo Internacional La Roda "]
[Site "La Roda ESP"]
[Date "2005.03.25"]
[Round "4"]
[White "Granero Roca, Antonio"]
[Black "Ibarra Jerez, Jose Carlos"]
[Result "1/2-1/2"]
[WhiteElo "2348"]
[BlackElo "2434"]
[PlyCount "36"]
[EventDate "2005.03.23"]
[EventType "swiss"]
[EventRounds "9"]
[EventCountry "ESP"]
[Source "lmi"]
[SourceDate "2005.03.27"]

1. d4 Nf6 2. c4 d6 3. Nc3 e5 4. dxe5 dxe5 5. Qxd8+ Kxd8 6. Bg5 Be6 7. O-O-O+
Nbd7 8. Nf3 Kc8 9. e3 Bb4 10. Bxf6 gxf6 11. Nd5 Bf8 12. g3 c6 13. Nc3 Kc7 14.
Be2 a5 15. Nh4 a4 16. g4 Rg8 17. h3 Nc5 18. Kc2 Be7 1/2-1/2

[Event "32. Torneo Internacional La Roda "]
[Site "La Roda ESP"]
[Date "2005.03.25"]
[Round "4"]
[White "Javakhishvili, Lela"]
[Black "Fernandez Gil, Marco Antonio"]
[Result "0-1"]
[WhiteElo "2456"]
[BlackElo "2264"]
[PlyCount "120"]
[EventDate "2005.03.23"]
[EventType "swiss"]
[EventRounds "9"]
[EventCountry "ESP"]
[Source "lmi"]
[SourceDate "2005.03.27"]

1. d4 d6 2. e4 Nf6 3. Nc3 e5 4. Nge2 Be7 5. g3 c6 6. a4 a5 7. Bg2 O-O 8. O-O
Na6 9. h3 Nb4 10. Nb1 exd4 11. Nxd4 d5 12. c3 Na6 13. e5 Ne4 14. Nd2 Nac5 15.
Nxe4 Nxe4 16. Qe1 Qb6 17. Kh2 f5 18. f3 Nc5 19. Qe2 Ne6 20. Be3 c5 21. Nb5 f4
22. Bf2 fxg3+ 23. Bxg3 Nf4 24. Bxf4 Rxf4 25. Qd2 g5 26. Qxd5+ Be6 27. Qd1 Rd8
28. Qc2 Bf5 29. Qf2 Qe6 30. Rfe1 Rh4 31. Re2 Bxh3 32. Qxh4 gxh4 33. Bxh3 Qc4
34. Rg1+ Kh8 35. Re4 Rd2+ 36. Rg2 Qd3 37. Reg4 Rxg2+ 38. Bxg2 Qe3 39. Re4 Qf2
40. Nd6 Qg3+ 41. Kh1 Bxd6 42. exd6 h3 43. Re8+ Kg7 44. Re2 Qxd6 45. Bf1 Qg3 46.
c4 Qxf3+ 47. Kg1 Qg3+ 48. Kh1 Kf6 49. Rh2 Qf3+ 50. Kg1 Qe3+ 51. Kh1 Qc1 52.
Rf2+ Kg5 53. Kh2 Qe3 54. Rf7 Qe5+ 55. Kh1 Kg4 56. Rf2 Kg3 57. Re2 Qf4 58. Kg1
h2+ 59. Rxh2 Qxf1+ 60. Kxf1 Kxh2 0-1

[Event "32. Torneo Internacional La Roda "]
[Site "La Roda ESP"]
[Date "2005.03.25"]
[Round "4"]
[White "Komljenovic, Davor"]
[Black "Vitor, Antonio"]
[Result "1-0"]
[WhiteElo "2492"]
[BlackElo "2343"]
[PlyCount "81"]
[EventDate "2005.03.23"]
[EventType "swiss"]
[EventRounds "9"]
[EventCountry "ESP"]
[Source "lmi"]
[SourceDate "2005.03.27"]

1. d4 g6 2. Nf3 Bg7 3. g3 d5 4. Bg2 Nf6 5. c4 dxc4 6. Qa4+ Bd7 7. Qxc4 Bc6 8.
Nc3 O-O 9. O-O Nbd7 10. Qd3 Nd5 11. Nxd5 Bxd5 12. e4 Be6 13. Be3 c5 14. d5 Bg4
15. Nd2 Ne5 16. Qb3 Be2 17. Rfe1 Ba6 18. Bf1 c4 19. Bxc4 Bxc4 20. Nxc4 Nf3+ 21.
Kg2 Nxe1+ 22. Rxe1 Qd7 23. Rd1 Rfd8 24. a4 b6 25. Qb4 Rab8 26. Bf4 Rbc8 27. b3
Qb7 28. Rd2 Rd7 29. f3 Qa6 30. h4 b5 31. axb5 Qa1 32. Qa5 Qxa5 33. Nxa5 Rc5 34.
b4 Rxb5 35. Rc2 f5 36. Rc8+ Kf7 37. Nc6 fxe4 38. fxe4 Bc3 39. Bh6 Rdxd5 40.
exd5 Rxd5 41. Nd8+ 1-0

[Event "32. Torneo Internacional La Roda "]
[Site "La Roda ESP"]
[Date "2005.03.25"]
[Round "4"]
[White "Llobel Cortell, Enrique"]
[Black "Gimeno Higueras, Roberto"]
[Result "1-0"]
[WhiteElo "2416"]
[BlackElo "2119"]
[PlyCount "79"]
[EventDate "2005.03.23"]
[EventType "swiss"]
[EventRounds "9"]
[EventCountry "ESP"]
[Source "lmi"]
[SourceDate "2005.03.27"]

1. e4 c6 2. Nc3 d5 3. Nf3 dxe4 4. Nxe4 Nf6 5. Nxf6+ exf6 6. Bc4 Qe7+ 7. Qe2
Qxe2+ 8. Bxe2 Bd6 9. O-O O-O 10. d4 Bg4 11. Re1 Re8 12. Bd2 Nd7 13. h3 Bh5 14.
Kf1 Kf8 15. Nh4 Bxe2+ 16. Rxe2 Rxe2 17. Kxe2 g6 18. Re1 Re8+ 19. Kd3 Rxe1 20.
Bxe1 Ke7 21. Nf3 Ke6 22. c4 Kf5 23. Bc3 h5 24. Nd2 Ke6 25. Nf3 Kf5 26. b3 g5
27. Nd2 Ke6 28. Ne4 Be7 29. Bd2 Nf8 30. f4 Nh7 31. Ng3 gxf4 32. Nxh5 f3 33.
Nf4+ Kd7 34. gxf3 f5 35. Nh5 Ke6 36. d5+ cxd5 37. Nf4+ Kd6 38. Nxd5 Bg5 39.
Bb4+ Ke5 40. f4+ 1-0

[Event "32. Torneo Internacional La Roda "]
[Site "La Roda ESP"]
[Date "2005.03.25"]
[Round "4"]
[White "Martin Blanco, Fernando"]
[Black "Camarena Gimenez, Rufino"]
[Result "0-1"]
[WhiteElo "2093"]
[BlackElo "2376"]
[PlyCount "44"]
[EventDate "2005.03.23"]
[EventType "swiss"]
[EventRounds "9"]
[EventCountry "ESP"]
[Source "lmi"]
[SourceDate "2005.03.27"]

1. e4 c6 2. d4 d5 3. e5 Bf5 4. Nf3 e6 5. Be2 Ne7 6. O-O Nd7 7. b3 Bg6 8. Ba3 c5
9. c4 Qa5 10. Bb2 dxc4 11. Nc3 cxd4 12. Nxd4 Nxe5 13. Ndb5 Nf5 14. Nd5 O-O-O
15. bxc4 exd5 16. Bxe5 dxc4 17. Qb1 Nd6 18. Nxd6+ Bxd6 19. Bg4+ Kb8 20. Bxd6+
Rxd6 21. Qc1 Rhd8 22. Qf4 Qc7 0-1